| 000 | 00951cad a22002055a 4500 | ||
|---|---|---|---|
| 001 | L154679 | ||
| 008 | 120112s2011 xxkqr p 0 a0eng u | ||
| 035 | _a(Sirsi) u154679 | ||
| 041 | 0 | _aeng | |
| 110 | 2 |
_aCMS Cameron McKenna _95874 |
|
| 245 | 0 | 0 |
_aConstruction contracts _bno implied obligation to "get on with it" _h[electronic resource] |
| 260 |
_aLondon _bCMS Cameron McKenna _c2011 |
||
| 520 | _aDiscusses an issue that regularly crops-up in practice, but rarely before the courts: whether a contractor is subject to an obligation to progress its works in a "regular and diligent" or similar manner, and if so what this actually means. | ||
| 590 | _aKA | ||
| 651 | 4 |
_aEngland and Wales _y1543- |
|
| 690 | _aProcurement-old | ||
| 690 |
_aContracts _96232 |
||
| 856 | 4 | 0 |
_uhttps://www.law-now.com/DirectMail/%7BF2F235D9-7834-4DBB-A5B6-D2CB8DC66F8E%7D_constructionobligationdec11.htm _zView the article free of charge at law-now.com |
| 942 | _n0 | ||
| 999 |
_c113101 _d113101 |
||